Catálogo

Vista normal Vista MARC

Entrada Personal Name

Número de registros utilizados en: 1

001 - CONTROL NUMBER

  • control field: 10957

003 - CONTROL NUMBER IDENTIFIER

  • control field: DLC

005 - DATE AND TIME OF LATEST TRANSACTION

  • control field: 20200908194726.0

008 - FIXED-LENGTH DATA ELEMENTS

  • fixed length control field: 800326n| azannaabn |b aaa

010 ## - LIBRARY OF CONGRESS CONTROL NUMBER

  • LC control number: n 80015717

035 ## - SYSTEM CONTROL NUMBER

  • System control number: (OCoLC)oca00398166

040 ## - CATALOGING SOURCE

  • Original cataloging agency: DLC
  • Language of cataloging: spa
  • Transcribing agency: Mx-PuUPA
  • Description conventions: rda
  • Modifying agency: DLC
  • Modifying agency: OCoLC
  • Modifying agency: DLC
  • Modifying agency: MdRoLAC
  • Modifying agency: DLC
  • Modifying agency: Mx-PuUPA

046 ## - SPECIAL CODED DATES

  • Birth date: 1873-12-07
  • Death date: 1947-04-24
  • Source of date scheme: edtf

053 #0 - LC CLASSIFICATION NUMBER

  • Classification number element--single number or beginning number of span: PS3505.A87

100 1# - HEADING--PERSONAL NAME

  • Personal name: Cather, Willa,
  • Dates associated with a name: 1873-1947

374 ## - OCCUPATION

  • Occupation: Autora

375 ## - GENDER

  • Gender: mujer
  • Source of term: lcdgt

400 1# - SEE FROM TRACING--PERSONAL NAME

  • Personal name: Katėr, Villa,
  • Dates associated with a name: 1873-1947

400 1# - SEE FROM TRACING--PERSONAL NAME

  • Control subfield: nna
  • Personal name: Cather, Willa Sibert,
  • Dates associated with a name: 1873-1947

400 1# - SEE FROM TRACING--PERSONAL NAME

  • Personal name: Cather, Wilella,
  • Dates associated with a name: 1873-1947

400 1# - SEE FROM TRACING--PERSONAL NAME

  • Personal name: Catherová, Willa,
  • Dates associated with a name: 1873-1947

400 1# - SEE FROM TRACING--PERSONAL NAME

  • Personal name: קאתר, וילה,
  • Dates associated with a name: 1873-1947

400 1# - SEE FROM TRACING--PERSONAL NAME

  • Personal name: Kāz̲ar, Vīlā,
  • Dates associated with a name: 1873-1947

400 1# - SEE FROM TRACING--PERSONAL NAME

  • Personal name: Kāz̲ir, Vīlā,
  • Dates associated with a name: 1873-1947

400 1# - SEE FROM TRACING--PERSONAL NAME

  • Personal name: کاذر، ويلا

670 ## - SOURCE DATA FOUND

  • Source citation: Her The troll garden ... 1905.

670 ## - SOURCE DATA FOUND

  • Source citation: Her Alexander's bridges, 1912:
  • Information found: t.p. (Willa Sibert Cather)

670 ## - SOURCE DATA FOUND

  • Source citation: Murphy, J.J. My Antonia, c1989:
  • Information found: CIP chronology (b. in Back Creek Valley (Gore) Virginia, Wilella Cather)

670 ## - SOURCE DATA FOUND

  • Source citation: nuc89-9042: Her Lucy Gayheartová, 1985, c1984
  • Information found: (hdg. on TxU-Hu rept.: Cather, Willa, 1873-1947; usage: Willa Catherová)

670 ## - SOURCE DATA FOUND

  • Source citation: Wikipedia, Jan. 23, 2013
  • Information found: (Willa Sibert Cather (December 7, 1873-April 24, 1947))

670 ## - SOURCE DATA FOUND

  • Source citation: Āntūniyā-yi man, [1956 or 1957]:
  • Information found: t.p. (ويلا کاذر = Vīlā Kāz̲ir

670 ## - SOURCE DATA FOUND

  • Source citation: Biblioteca del congreso (Estados Unidos), 08 septiembre 2020:
  • Information found: Catálogo electrónico
  • Uniform Resource Identifier: https://bit.ly/2Zj0WVL